Single & single.
| Main Author: | |
|---|---|
| Format: | Book |
| Published: |
London:
Hodder & Stoughton,
1999.
|
| Subjects: |
| LEADER | 00376cam a2200145 7i4500 | ||
|---|---|---|---|
| 001 | 0000007629 | ||
| 005 | 20000516090000.0 | ||
| 020 | 0 | 0 | |a 0340738979 |
| 090 | 0 | 0 | |a B 808.63 |b CAR (N) |
| 100 | 1 | 0 | |a Carre |
| 245 | 1 | 0 | |a Single & single. |
| 260 | 0 | 0 | |a London: |b Hodder & Stoughton, |c 1999. |
| 300 | # | # | |a 336 p. |
| 650 | 0 | 0 | |a Novelettes |
| 999 | |a B000010796 |b Book |c Novelettes |e Business Information Centre | ||


